书目信息 |
| 题名: |
旅游市场学
|
|
| 作者: | 林南枝 主编 | |
| 分册: | ||
| 出版信息: | 天津 南开大学出版社 2000 |
|
| 页数: | 398页 | |
| 开本: | 21cm | |
| 丛书名: | ||
| 单 册: | ||
| 中图分类: | F590.8 | |
| 科图分类: | ||
| 主题词: | 旅游业--市场学--高等学校--教材 , 旅游业 , 市场学 | |
| 电子资源: | ||
| ISBN: | 7-310-00828-6 | |
| 000 | 00818nam0 2200265 450 | |
| 001 | 07079000439 | |
| 005 | 20070721163553.89 | |
| 010 | @a7-310-00828-6@dCNY19.00 | |
| 100 | @a20030117e20062000em y0chiy0110 ea | |
| 101 | 0 | @achi |
| 102 | @aCN@b120000 | |
| 105 | @aa z 000yy | |
| 200 | 1 | @a旅游市场学@Alv you shi chang xue@f林南枝主编 |
| 205 | @a@b修订版 | |
| 210 | @a天津@c南开大学出版社@d2000@h2006 | |
| 215 | @a398页@c图@d21cm | |
| 300 | @a高等院校旅游专业系列教材 | |
| 330 | @a本书分为四编:总论、旅游市场营销策略、旅游服务营销、旅游营销管理,就旅游市场学理论进行了探究。 | |
| 606 | 0 | @a旅游业@x市场学@x高等学校@j教材 |
| 606 | 0 | @a旅游业 |
| 606 | 0 | @a市场学 |
| 690 | @aF590.8@v4 | |
| 701 | 0 | @a林南枝@Alin nan zhi@4主编 |
| 801 | 0 | @aCN@bTAOJIN新华发行集团公司@c20070721 |
| 905 | @a10447@dF590.8@e172 | |
| 旅游市场学/林南枝主编.-修订版.-天津:南开大学出版社,2000(2006) |
| 398页:图;21cm |
| 高等院校旅游专业系列教材 |
| ISBN 7-310-00828-6:CNY19.00 |
| 本书分为四编:总论、旅游市场营销策略、旅游服务营销、旅游营销管理,就旅游市场学理论进行了探究。 |
| ● |
| 相关链接 |
|
|
|
|
正题名:旅游市场学
索取号:F590.8/172
 
预约/预借
| 序号 | 登录号 | 条形码 | 馆藏地/架位号 | 状态 | 备注 |
| 1 | 0822772 | 208227729 | 第一样本阅览室/ [索取号:F590.8/172] | 在馆 | |
| 2 | 0822773 | 208227738 | 第一借阅区/ [索取号:F590.8/172] | 在馆 | |
| 3 | 0822774 | 208227747 | 第一借阅区/ [索取号:F590.8/172] | 在馆 | |
| 4 | 0822775 | 208227756 | 第一借阅区/ [索取号:F590.8/172] | 在馆 | |
| 5 | 0822776 | 208227765 | 第一借阅区/ [索取号:F590.8/172] | 在馆 |